| 000 | 00488nam a2200145Ia 4500 | ||
|---|---|---|---|
| 008 | 200226s9999 xx 000 0 und d | ||
| 020 | _a978-0-13-433762-3 | ||
| 100 | _aHayes, David K. | ||
| 245 |
_cDavid K. Hayes, Jack Ninemeier, Allisha A. Miller.-- _aHotel operations management / |
||
| 250 | _a3rd ed. | ||
| 260 |
_aBoston : _bPearson Education, Inc. _c2017 |
||
| 300 |
_axix , 595 pages : _bcolor illustration ; _c26 cm. |
||
| 500 | _aincludes indexes. | ||
| 650 | _aHotel management. | ||
| 999 |
_c362992 _d362992 |
||